Sears and Zemansky's university physics : (Record no. 16685)
[ view plain ]
| 000 -LEADER | |
|---|---|
| fixed length control field | 01470cam a2200397 a 4500 |
| 001 - CONTROL NUMBER | |
| control field | 13233095 |
| 003 - CONTROL NUMBER IDENTIFIER | |
| control field | OSt |
| 005 - DATE AND TIME OF LATEST TRANSACTION | |
| control field | 20140310182833.0 |
| 008 - FIXED-LENGTH DATA ELEMENTS--GENERAL INFORMATION | |
| fixed length control field | 030610s2004 caua 001 0 eng |
| 010 ## - LIBRARY OF CONGRESS CONTROL NUMBER | |
| LC control number | 2003056113 |
| 020 ## - INTERNATIONAL STANDARD BOOK NUMBER | |
| International Standard Book Number | 9814058432 |
| 040 ## - CATALOGING SOURCE | |
| Original cataloging agency | DLC |
| Transcribing agency | DLC |
| Modifying agency | DLC |
| 050 00 - LIBRARY OF CONGRESS CALL NUMBER | |
| Classification number | QC 23.2 |
| Item number | .Y68 2000 |
| 082 00 - DEWEY DECIMAL CLASSIFICATION NUMBER | |
| Classification number | M 530 |
| -- | 10th ed. |
| Item number | Y8 2000 |
| 100 1# - MAIN ENTRY--PERSONAL NAME | |
| Personal name | Young, Hugh D. |
| 245 10 - TITLE STATEMENT | |
| Title | Sears and Zemansky's university physics : |
| Remainder of title | with modern physics. |
| Statement of responsibility, etc | Young, Hugh D.; Freedman, Roger A. |
| 246 30 - VARYING FORM OF TITLE | |
| Title proper/short title | University physics |
| 250 ## - EDITION STATEMENT | |
| Edition statement | 10th ed. / |
| 260 ## - PUBLICATION, DISTRIBUTION, ETC. (IMPRINT) | |
| Place of publication, distribution, etc | Singapore : |
| Name of publisher, distributor, etc | Pearson Education South Asia Pte Ltd., |
| Date of publication, distribution, etc | c2000. |
| 300 ## - PHYSICAL DESCRIPTION | |
| Extent | xxi, 1513 p. |
| Other physical details | ill. ; |
| Dimensions | 25.5 cm. |
| 500 ## - GENERAL NOTE | |
| General note | "Extended [edition]"--T.p. verso. |
| 500 ## - GENERAL NOTE | |
| General note | Accompanied by: MasteringPhysics : student access kit. 13 p. : ill. ; 23 cm. |
| 500 ## - GENERAL NOTE | |
| General note | Includes index. |
| 521 ## - TARGET AUDIENCE NOTE | |
| Target audience note | |
| 526 ## - STUDY PROGRAM INFORMATION NOTE | |
| Reading level | 1210L to 1700L |
| 541 ## - IMMEDIATE SOURCE OF ACQUISITION NOTE | |
| -- | 1 |
| 562 ## - COPY AND VERSION IDENTIFICATION NOTE | |
| Number of copies | for circulation. 1 copy available in the collection |
| 650 #0 - SUBJECT ADDED ENTRY--TOPICAL TERM | |
| Topical term or geographic name as entry element | Physics. |
| 700 1# - ADDED ENTRY--PERSONAL NAME | |
| Personal name | Freedman, Roger A. |
| 700 1# - ADDED ENTRY--PERSONAL NAME | |
| Personal name | Ford, A. Lewis |
| Fuller form of name | (Albert Lewis) |
| 700 1# - ADDED ENTRY--PERSONAL NAME | |
| Personal name | Sears, Francis Weston, |
| Dates associated with a name | 1898-1975. |
| Title of a work | University physics. |
| 906 ## - LOCAL DATA ELEMENT F, LDF (RLIN) | |
| a | 7 |
| b | cbc |
| c | orignew |
| d | 1 |
| e | ocip |
| f | 20 |
| g | y-gencatlg |
| 942 ## - ADDED ENTRY ELEMENTS (KOHA) | |
| Source of classification or shelving scheme | Library of Congress Classification |
| Koha item type | Books |
| Call number prefix | |
| Withdrawn status | Lost status | Source of classification or shelving scheme | Damaged status | Home library | Current library | Shelving location | Date acquired | Total Checkouts | Full call number | Barcode | Date last seen | Date checked out | Copy number | Price effective from | Koha item type |
|---|---|---|---|---|---|---|---|---|---|---|---|---|---|---|---|
| Library of Congress Classification | College Library | College Library | General Circulation Section | 06/04/2013 | 1 | QC 23.2 .Y68 2000 | C4038 | 05/15/2018 | 07/31/2014 | 1 | 06/04/2013 | Books |